IFM Opac

Britains agriculture today. (Record no. 13098)

MARC details
000 -LEADER
fixed length control field 00320nam a22001217a 4500
082 ## - DEWEY DECIMAL CLASSIFICATION NUMBER
Classification number 338.1842MID.
245 ## - TITLE STATEMENT
Title Britains agriculture today.
250 ## - EDITION STATEMENT
Edition statement 2 edition.
260 ## - PUBLICATION, DISTRIBUTION, ETC.
Place of publication, distribution, etc. London.
Name of publisher, distributor, etc. Public relations department, Midland Bank Limited.
Date of publication, distribution, etc. 1968.
300 ## - PHYSICAL DESCRIPTION
Extent 32p.
Other physical details 25cm.
650 ## - SUBJECT ADDED ENTRY--TOPICAL TERM
Topical term or geographic name entry element Agriculture today.
942 ## - ADDED ENTRY ELEMENTS (KOHA)
Koha item type Books
Holdings
Withdrawn status Lost status Damaged status Not for loan Collection code Home library Current library Shelving location Date acquired Total Checkouts Full call number Barcode Date last seen Price effective from Koha item type
        Non-fiction IFM Main Campus Library IFM Main Campus Library Archival Collection 09/30/2021   338.1842MID. 0000005912 10/27/2015 02/19/2022 Books